| 000 | 00675cam a2200241 4500500 | ||
|---|---|---|---|
| 005 | 20260405003827.0 | ||
| 041 | _afre | ||
| 042 | _adc | ||
| 100 | 1 | 0 |
_aLegros, Martin _eauthor |
| 245 | 0 | 0 | _aComment rester au-dessus du volcan ? |
| 260 | _c2024. | ||
| 500 | _a31 | ||
| 690 | _aAgression | ||
| 690 | _aAttaques | ||
| 690 | _aContre-Attaque | ||
| 690 | _aFuite | ||
| 690 | _aGuerre | ||
| 690 | _aMartin Legros | ||
| 690 | _aRésistance | ||
| 690 | _aViolence | ||
| 786 | 0 | _nPhilosophie magazine | 177 | 3 | 2024-03-01 | p. 27-28 | 1951-1787 | |
| 856 | 4 | 1 | _uhttps://shs.cairn.info/magazine-philosophie-magazine-2024-3-page-27?lang=fr&redirect-ssocas=7080 |
| 999 |
_c2071210 _d2071210 |
||